LEADER 01378nam a2200349 u 4500 001 000000061927 003 CaOOAMICUS 005 20070226121058.0 008 010917s1988 it u000 u ita u 020 $a8821167992 035 $a10903083 040 $aPUL(R)$bita 041 1 $aita$hdut 100 1 $aLa Potterie, Ignace de,$cS.I.,$d1914-2003.$0(OLS)http://pul/name/9386 240 10$aMariamysterie in het Nieuwe Testament.$lItaliano.$0(OLS)http://pul/title/82652 245 10$aMaria nel mistero della Chiesa /$cIgnace de la Potterie. 260 $aGenova :$bMarietti,$cc1988. 300 $a341 p. ;$c22 cm 490 1 $aDabar : studi biblici e giudastici ;$v6 504 $aBibliografia in nota. 600 04$aMaria Virgo,$cs.$0(OLS)http://pul/subject/500 830 0$aDabar : studi biblici e giudastici ;$v6.$0(OLS)http://pul/title/43502 850 $aPUL 852 $aPUL$W1$xSL Religione 1$y3$m66 F 90$j80606$nBK-PRI$b $qStampati$B80606$CPULBib$Z2$F80606 $H $81 900 $aDe La Potterie, Ignace,$cS.I.$99386 941 1 $a8 960 $aMariologia$9500 960 $aMariologia$9500 961 $aINV: 65464 996 $6020$a8821167992$9(OLS)http://pul/number/80242 996 $6245$aMaria nel mistero della Chiesa$9(OLS)http://pul/title/82653 996 $6260$aGenova :$bMarietti$9(OLS)http://pul/publisher/48994 LEADER 01255nam a2200265 i 4500 001 000000105548 003 CaOOAMICUS 005 20070611123957.0 008 070611s2006 nyu u000 u eng r 020 $a0-19-928806-2 040 $aPUL$bita$dLDB 100 1 $aMacDonald, John QC.$0(OLS)http://pul/name/64443 245 14$aThe law of freedom of information :$bfirst cumulative supplement /$cby John MacDonald QC, Clive H Jones with Ross Crail and Colin Braham. 260 $aNew York :$bOxford University Press,$c2006. 300 $axxiii,269 p. ;$c23 cm 650 4$aLibertà di stampa.$0(OLS)http://pul/subject/12219 650 14$aInformazione$xDiritto.$0(OLS)http://pul/subject/29313 700 1 $aCrail, Ross.$0(OLS)http://pul/name/64810 700 1 $aBraham, Colin.$0(OLS)http://pul/name/64811 850 $aPUL 852 $aPUL$W1$xSL Diritto e Scienze Sociali 3$y79$m343 MACJO 1.2$j118286$qDDC 21$B118187$CPULBib$Z2$F118187 $H100564bis $82 941 1 $a9 996 $6020$a0-19-928806-2$9(OLS)http://pul/number/134745 996 $6245$aThe law of freedom of information :$bfirst cumulative supplement$9(OLS)http://pul/title/132848 996 $6260$aNew York :$bOxford University Press$9(OLS)http://pul/publisher/50683